banner koha

Relação desperdício água tratada x irrigação (Registro n. 329263)

MARC details
000 -LÍDER
fixed length control field 00822nab a2200265 4500
003 - CÓDIGO MARC DA AGÊNCIA CATALOGADORA
Campo de controle BR-BrBNA
005 - DATA E HORA DA ÚLTIMA ATUALIZAÇÃO
Campo de controle 20241213223415.0
008 - CAMPO DE TAMANHO FIXO
fixed length control field 241213b bl.||||| |||| 00| 0 por d
040 ## - FONTE DA CATALOGAÇÃO
Agência catalogadora BR-BrBNA
Idioma da catalogação por
072 ## - CATEGORIA AGRIS
Código AGRIS P10 ; F06 ; A50
100 ## - ENTRADA PRINCIPAL - NOME PESSOAL
Nome pessoal Vieira, Rodrigo Franco
245 ## - TÍTULO PRINCIPAL
Título principal Relação desperdício água tratada x irrigação
500 ## - NOTA GERAL
Nota geral 1 illus.; 5 tables; 2 graphs
942 ## - ADDED ENTRY ELEMENTS (KOHA)
Koha item type Analítica
650 ## - ASSUNTO - THESAGRO
Cabeçalho tópico ou nome geográfico TRATAMENTO DA ÁGUA
650 ## - ASSUNTO - THESAGRO
Cabeçalho tópico ou nome geográfico IRRIGAÇÃO
650 ## - ASSUNTO - THESAGRO
Cabeçalho tópico ou nome geográfico DESPERDÍCIO
650 ## - ASSUNTO - THESAGRO
Cabeçalho tópico ou nome geográfico ABASTECIMENTO DE ÁGUA
650 ## - ASSUNTO - THESAGRO
Cabeçalho tópico ou nome geográfico MANEJO DA ÁGUA
650 ## - ASSUNTO - THESAGRO
Cabeçalho tópico ou nome geográfico USO SUSTENTÁVEL DA ÁGUA
650 ## - ASSUNTO - THESAGRO
Cabeçalho tópico ou nome geográfico PESQUISA
650 ## - ASSUNTO - THESAGRO
Cabeçalho tópico ou nome geográfico EXTENSÃO
773 0# - ENTRADA ANALÍTICA
Host Biblionumber 4820
Registro do item 344754
Imprenta Votuporanga/SP IRRIGAZINE 2009
Outro identificador 2024-5083
Título Irrigazine (Brazil)
Colação v. 10(40) p. 30-33; (Mar 2015)
Número de controle de registro BR2024003940

Nenhum exemplar disponível.

BINAGRI

Telefone: (61)3218-2567/2388/3357/2097 - binagri@agro.gov.br

Ministério da Agricultura e Pecuária , Esplanada dos Ministérios, Bloco D, Anexo B, Brasília/DF, CEP: 70.043-900